La tierra del silencio (Record no. 107315)

MARC details
000 -LEADER
campo de control de longitud fija 01587nac a2200301 a 4500
003 - IDENTIFICADOR DE NÚMERO DE CONTROL
campo de control CO-PeBPM
005 - FECHA Y HORA DE LA ÚLTIMA TRANSACCIÓN
campo de control 20260409203604.0
007 - CAMPO FIJO DE DESCRIPCIÓN FÍSICA--INFORMACIÓN GENERAL
campo de control de longitud fija ta
008 - DATOS DE LONGITUD FIJA--INFORMACIÓN GENERAL
campo de control de longitud fija 260409b2024 ck a|||| |||| 00| 0 spa d
020 ## - NÚMERO INTERNACIONAL ESTÁNDAR DEL LIBRO
Número Internacional Estándar del Libro 9798460311750
040 ## - FUENTE DE CATALOGACIÓN
Centro catalogador/agencia de origen CO-PeBPM
Lengua de catalogación spa
Centro/agencia transcriptor CO-PeBPM
Normas de descripción rda
041 ## - CÓDIGO DE IDIOMA
Código de lengua del texto/banda sonora o título independiente spa
082 04 - NÚMERO DE LA CLASIFICACIÓN DECIMAL DEWEY
Número de clasificación 863 Ch559t
Número de edición 22
100 1# - ENTRADA PRINCIPAL--NOMBRE DE PERSONA
Nombre de persona Chujfi Ospina, Manira
Término indicativo de función/relación autora
245 10 - MENCIÓN DEL TÍTULO
Título La tierra del silencio
Resto del título Despierta en un mundo diferente
Mención de responsabilidad, etc. / Manira Chujfi Ospina
264 ## - PRODUCCIÓN, PUBLICACIÓN, DISTRIBUCIÓN, FABRICACIÓN Y COPYRIGHT
Fecha de producción, publicación, distribución, fabricación o copyright Pereira
Producción, publicación, distribución, fabricación y copyright : Manira Chujfi de Corredor
Nombre del de productor, editor, distribuidor, fabricante ,2024
300 ## - DESCRIPCIÓN FÍSICA
Extensión 116 páginas
Otras características físicas ilustraciones a color
Dimensiones 23 cm.
336 ## - TIPO DE CONTENIDO
Fuente rdacontent
Término de tipo de contenido texto
Código de tipo de contenido txt
337 ## - TIPO DE MEDIO
Fuente rdamedia
Nombre/término del tipo de medio sin mediación
Código del tipo de medio n
338 ## - TIPO DE SOPORTE
Fuente rdacarrier
Nombre/término del tipo de soporte volumen
Código del tipo de soporte nc
500 ## - NOTA GENERAL
Nota general Incluye índice
520 ## - RESUMEN, ETC.
Sumario, etc. Estos cuentos nos acercan a una visión, que nos llevará a meditar y a juzgarnos interiormente, recapacitar y encontrar una respuesta sobre el propio ser, trasladar al hombre al interior de su alma, amarse a sí mismo, y al hacerlo, amará su entorno y la naturaleza que lo rodea. Algunas son narraciones transmitidas por personas que me abrieron su corazón. Ojalá estas narraciones ayuden a las generaciones venideras y a los adultos que quieran ser mejores cada día. Mi objetivo final es ayudar a la humanidad, a soñar, a tomar conciencia para que tú mismo le des el verdadero sentido a su existencia.
650 17 - PUNTO DE ACCESO ADICIONAL DE MATERIA--TÉRMINO DE MATERIA
Término de materia o nombre geográfico como elemento de entrada Cuentos infantiles colombianos
Fuente del encabezamiento o término LEMB
650 17 - PUNTO DE ACCESO ADICIONAL DE MATERIA--TÉRMINO DE MATERIA
Término de materia o nombre geográfico como elemento de entrada Literatura infantil colombiana
Fuente del encabezamiento o término LEMB
650 17 - PUNTO DE ACCESO ADICIONAL DE MATERIA--TÉRMINO DE MATERIA
Término de materia o nombre geográfico como elemento de entrada Amistad - Cuentos infantiles
Fuente del encabezamiento o término LEMB
650 17 - PUNTO DE ACCESO ADICIONAL DE MATERIA--TÉRMINO DE MATERIA
Término de materia o nombre geográfico como elemento de entrada Naturaleza - Cuentos infantiles
Fuente del encabezamiento o término LEMB
942 ## - ELEMENTOS DE ENTRADA SECUNDARIOS (KOHA)
Fuente del sistema de clasificación o colocación Clasificación Decimal Dewey
Suprimir en OPAC No
Tipo de ítem Koha Literatura
Holdings
Estatus retirado Estado de pérdida Fuente del sistema de clasificación o colocación Estado de daño No para préstamo Colección Biblioteca de origen Biblioteca actual Ubicación en estantería Fecha de adquisición Fuente de adquisición Total de préstamos Signatura topográfica completa Código de barras Visto por última vez Copia número Precio de reemplazo Tipo de ítem Koha
    Clasificación Decimal Dewey     General BIBLIOTECA PÚBLICA MUNICIPAL RAMON CORREA MEJIA BIBLIOTECA PÚBLICA MUNICIPAL RAMON CORREA MEJIA Colección general 06/11/2025 Donación   863 Ch559t 63663 09/04/2026 Ej. 1 09/04/2026 Literatura

Powered by Koha